| 000 | 01042cam a2200241 a 4500 | ||
|---|---|---|---|
| 001 | 000013584 | ||
| 005 | 20200929163258.0 | ||
| 008 | 780928s1977 ve ab b f001 0 spa | ||
| 040 |
_aDO-SdBNP _bspa _cDLC _dBNPHU |
||
| 082 |
_a338.8287 _bA674h |
||
| 100 | 1 |
_aArcila Farías, Eduardo. _d1912-1996 _930979 |
|
| 245 | 1 | 0 |
_aHistoria de un monopolio : _bel estanco del tabaco en Venezuela (1779-1833) / _cEduardo Arcila Farías. |
| 260 |
_aCaracas, Venezuela : _bFacultad de Humanidades y Educación, Instituto de Estudios Hispanoamericanos, Universidad Central de Venezuela, _c1977. |
||
| 300 |
_a364 p. : _bil. mapa ; _c22 cm. |
||
| 500 | _a"Apéndice documental": p. [305]-364. | ||
| 504 | _aIncluye referencias bibliográficas. | ||
| 650 | 4 |
_aIndustria del tabaco _zVenezuela _xHistoria _930980 |
|
| 650 | 4 |
_aGobiernos monopolios _zVenezuela _xHistoria _930981 |
|
| 650 | 4 |
_aGobiernos monopolios _zEspaña _xHistoria _930982 |
|
| 740 | 3 | _aEl estanco del tabaco en Venezuela, 1779-1833. | |
| 910 | _aCatalogación por copia / LC | ||
| 049 | _aBNGR | ||
| 999 |
_c13203 _d13203 |
||